00546nam a22001697a 4500003000400000005001700004008004100021020000600062040000600068082001700074100002600091245016400117250001200281260004400293300001500337440002400352OSt20180116183106.0http://10.6.22.24:9001/cgi-bin/koha/cata a0 c0 a418 BRO 1999 aSamuel C. Brownstein  aVacabulary Builder bExpand your Vocabulary by Learning the words that appear most frequently on exams like the SAT, PSAT, GMAT and GRE cSamuel C. Brownstein  a9th Ed. aNew Delhi bNew Light Publishers c1999 a155p.bpb. aVacabulary Builder